ABC Path - Puzzle Logic Game #3 - Statistics

General Stats
  • This quiz has been taken 575 times
  • The average score is 21 of 24
Answer Stats
Answer % Correct
D
96%
E
96%
F
96%
G
96%
H
96%
I
96%
B
95%
C
94%
L
94%
J
93%
K
93%
M
93%
N
93%
O
89%
P
88%
Q
86%
R
85%
S
84%
T
83%
U
83%
V
81%
W
79%
X
77%
Y
77%
No matching quizzes found
Score Distribution
Percent of People with Each Score
Percentile by Number Answered
Your Score History
You have not taken this quiz